000 00226nam a2200097Ia 4500
008 240331s9999 xx 000 0 und d
082 _bBAL
100 _aBalasundaram, E
245 0 _aNaddar isai :
_bIyalpum payanpadum
942 _cL
999 _c3616
_d3616